| 000 | 00631nam a22001697a 4500 | ||
|---|---|---|---|
| 005 | 20260501094642.0 | ||
| 008 | 260501b |||||||| |||| 00| 0 eng d | ||
| 020 | _qpbk | ||
| 041 | _aeng | ||
| 082 | _a343.7309 SIT | ||
| 245 |
_aThe Tamil Nadu Exhibition Of Films On Television Screen Through Video Cassette Recorders And Cable Television Network (Regulation) Act, 1984 _b(Tamil Nadu Act 7 of 1984) (As amended by Tamil Nadu Ordinance 11 of 2004) |
||
| 260 |
_aChennai _bC. Sitaraman & Co. Pvt. Ltd., _c2004 |
||
| 300 |
_a77P. : _c20cm |
||
| 504 | _aindex | ||
| 650 | _aMilitary, tax, trade & industrial law | ||
| 942 | _cENGLISH | ||
| 999 |
_c621696 _d621696 |
||